Carol of the Bells - Lyrics - Statistics

General Stats
  • This quiz has been taken 46 times
  • The average score is 172 of 254
Answer Stats
Lyrics % Correct
bells
94%
Christmas
89%
the
89%
hear
81%
here
81%
is
81%
Sweet
81%
Hark
78%
silver
78%
cheer
75%
Ding
75%
ding
75%
Dong
75%
dong
75%
how
75%
to
75%
To
75%
All
72%
away
72%
good
72%
seem
72%
say
69%
and
67%
of
67%
Throw
67%
Bringing
64%
cares
64%
song
64%
bold
61%
Merry
61%
merry
61%
ring
61%
caroling
58%
Meek
58%
old
58%
sing
58%
Words
58%
young
58%
every
56%
their
56%
Their
56%
they
56%
air
53%
Oh
53%
On
53%
on
53%
That
53%
everywhere
50%
joyful
50%
seems
50%
sound
50%
Filling
47%
From
47%
One
47%
With
47%
Songs
44%
people
42%
pound
42%
Raising
42%
While
39%
dale
36%
home
36%
tale
36%
Telling
36%
hill
33%
tone
33%
end
31%
Gaily
31%
Over
31%
send
31%
without
31%
No matching quizzes found
Score Distribution
Percent of People with Each Score
Percentile by Number Answered
Your Score History
You have not taken this quiz